000 00364cam a2200145ua 4500
003 OSt
008 250108b |||||||| |||| 00| 0 eng d
041 _aeng
082 _a621.384
_bSTA/RA
100 _aStarr , A.T .
_96499
245 _aRadio and radar technique /
260 _aLondon :
_bSir Isaac Pitman & Sons Ltd ,
_c1953.
300 _a810 ; .
942 _cBK
999 _c1487
_d1487